Statistics for Chris's General Knowledge Quiz #5

Click here to take the quiz!

General Stats

  • This quiz has been taken 44 times
  • The average score is 9 of 20

Answer Stats

Question Answer % Correct
What is traditionally carved and used as a lantern at Halloween?Pumpkin
100%
According to the saying, what shouldn't people in glass houses throw?Stones
78%
The 1975 fight between Muhammad Ali and Joe Frazier was known as 'The Thriller in ____' where?Manila
73%
Who is the oldest of the Seven Dwarves?Doc
66%
What is the most spoken language in Belgium?Dutch
66%
Tokyo is located on which of Japan's four main islands?Honshu
63%
Which legendary lead singer was born Farrokh Bulsara?Freddie Mercury
63%
Whitehorse is the capital of which Canadian territory?Yukon
51%
In 1961, Stalingrad was renamed what?Volgograd
49%
Which English county is the only one with two coastlines?Devon
44%
Which Italian artist painted 'The Birth of Venus'?Sandro Botticelli
44%
The name of which empire is used to describe something that is impenetrable or overly complex?Byzantine
37%
What is the name of Postman Pat's pet cat?Jess
37%
What character in the Shakespeare play 'Twelfth Night' shares her name with a musical instrument?Viola
32%
From what cactus is tequila made?Agave
27%
Which steam locomotive achieved a world record speed of 100mph in 1934?Flying Scotsman
22%
What is the only English football team to play in the Scottish Football League?Berwick Rangers
15%
What is the lowest layer of the Earth's atmosphere called?Troposphere
12%
In the Harry Potter films, Dobby was voiced by which actor?Toby Jones
7%
In which capital city would you find the oldest zoo in the world?Vienna
5%

Score Distribution

Percentile by Number Answered

Percent of People with Each Score

Your Score History

You have not taken this quiz